000 00567nam a22001937a 4500
999 _c122
_d122
003 AR-CdUCM
008 190221b ||||| |||| 00| 0 spa d
040 _aMUNICIPALIDAD PROVINCIAL DEL CUSCO
_cBIBLIOTECA MUNICIPAL DEL CUSCO
082 _22ed.
_a808.8 /
_bD26
100 _aDe Ercilla, Alonso
_9592
245 _aLa araucana /
260 _aAraucana :
_bEspasa - Calpe ,
_c1947.
300 _a164 páginas.
_c18 cm.
440 _aAustral
_9593
505 _aObra literaria.
650 _aLiteratura española.
_9362
942 _2ddc
_cLIBROS
945 _awfj
_d2019.02.21